| 000 | 00491nam a2200157 i 4500 | ||
|---|---|---|---|
| 001 | 100295 | ||
| 003 | ES-MaACL | ||
| 005 | 20230906182639.0 | ||
| 007 | t| | ||
| 008 | 050926s1946 sp ||||1| spa d | ||
| 100 | 1 |
_aMartorell, Fernando. _978532 |
|
| 245 | 1 | 0 |
_aVarices _b: su tratamiento basado en la flebografías / _cpor el Dr. Fernando Martorell. |
| 260 |
_aBarcelona : _bLabor, _c1946. |
||
| 300 |
_aVIII, 140 p. con 3 lám. : _bil. ; _c26 cm. |
||
| 852 |
_aES-MaACL _jE-1932 _bR.22800 |
||
| 999 |
_c100295 _d100295 |
||